[Event "V. Dvorkovich Cup 2015 juniors"]
[Site "Moscow"]
[Date "2015.06.29"]
[Round "6.6"]
[White "Yayloyan ARM, Konstantin"]
[Black "Baivab IND, Mishra"]
[Result "1-0"]
[LiveChessVersion "1.4.4"]
[BlackElo "2057"]
[WhiteElo "2171"]

1. e4 {[%clk 1:30:51]} g6 {[%clk 1:30:52]} 2. d4 {[%clk 1:31:07]} Bg7
{[%clk 1:31:16]} 3. Nc3 {[%clk 1:31:15]} d5 {[%clk 1:31:35]} 4. exd5
{[%clk 1:28:40]} Nf6 {[%clk 1:32:02]} 5. Bb5+ {[%clk 1:21:20]} Nbd7
{[%clk 1:32:30]} 6. Qf3 {[%clk 1:16:18]} O-O {[%clk 1:32:05]} 7. Nge2
{[%clk 1:16:15]} Nb6 {[%clk 1:25:56]} 8. d6 {[%clk 1:12:49]} cxd6
{[%clk 1:23:12]} 9. Bd2 {[%clk 1:05:01]} Qc7 {[%clk 1:21:27]} 10. O-O
{[%clk 0:56:52]} Bg4 {[%clk 1:20:12]} 11. Qg3 {[%clk 0:55:16]} Bf5
{[%clk 1:19:32]} 12. Bd3 {[%clk 0:46:44]} Qd7 {[%clk 1:18:29]} 13. h3
{[%clk 0:35:50]} Rfc8 {[%clk 1:18:03]} 14. b3 {[%clk 0:35:29]} a6
{[%clk 1:12:09]} 15. a4 {[%clk 0:35:18]} Bxd3 {[%clk 1:00:47]} 16. Qxd3
{[%clk 0:35:35]} e6 {[%clk 1:01:06]} 17. a5 {[%clk 0:35:03]} Nbd5
{[%clk 1:01:35]} 18. Na4 {[%clk 0:35:00]} Rab8 {[%clk 0:47:20]} 19. c4
{[%clk 0:31:01]} b5 {[%clk 0:47:46]} 20. axb6 {[%clk 0:30:08]} Nxb6
{[%clk 0:48:02]} 21. Nxb6 {[%clk 0:30:22]} Rxb6 {[%clk 0:48:30]} 22. Ra5
{[%clk 0:30:20]} Qb7 {[%clk 0:33:35]} 23. Ra3 {[%clk 0:26:37]} Bf8
{[%clk 0:29:12]} 24. Rfa1 {[%clk 0:25:08]} Rb8 {[%clk 0:21:38]} 25. b4
{[%clk 0:22:49]} Rc6 {[%clk 0:18:14]} 26. Ra5 {[%clk 0:19:55]} Qc8 27. c5
{[%clk 0:18:38]} Nd5 {[%clk 0:11:48]} 28. R1a4 {[%clk 0:16:30]} Nc7
{[%clk 0:07:37]} 29. Nc3 {[%clk 0:14:01]} dxc5 {[%clk 0:05:27]} 30. dxc5
{[%clk 0:10:19]} e5 {[%clk 0:03:07]} 31. Qc4 {[%clk 0:07:42]} Qe6
{[%clk 0:01:23]} 32. Qxe6 {[%clk 0:07:55]} Rxe6 {[%clk 0:01:48]} 33. Kf1
{[%clk 0:07:01]} f5 {[%clk 0:02:12]} 34. Ke2 {[%clk 0:07:19]} Kf7
{[%clk 0:02:31]} 35. Nd1 {[%clk 0:06:45]} Ke7 {[%clk 0:02:04]} 36. g4
{[%clk 0:04:45]} fxg4 {[%clk 0:01:47]} 37. hxg4 {[%clk 0:05:14]} Kd7
{[%clk 0:01:41]} 38. g5 {[%clk 0:05:26]} Be7 {[%clk 0:01:11]} 39. Nc3
{[%clk 0:04:57]} Rf8 {[%clk 0:00:47]} 40. Ne4 {[%clk 0:34:47]} Kc8
{[%clk 0:30:37]} 41. Ra1 {[%clk 0:31:10]} Rf7 {[%clk 0:28:50]} 42. R5a3
{[%clk 0:30:16]} Kb7 {[%clk 0:17:48]} 43. Rh1 {[%clk 0:28:49]} Nd5
{[%clk 0:08:41]} 44. Rah3 {[%clk 0:20:43]} Nf4+ {[%clk 0:05:56]} 45. Bxf4
{[%clk 0:21:11]} exf4 {[%clk 0:06:15]} 46. Kd3 {[%clk 0:20:12]} Kc6
{[%clk 0:02:25]} 47. Rxh7 {[%clk 0:20:04]} Rf5 {[%clk 0:02:41]} 48. f3
{[%clk 0:17:20]} Kb5 {[%clk 0:02:44]} 49. Kd4 {[%clk 0:16:07]} a5
{[%clk 0:01:47]} 50. Nc3+ {[%clk 0:12:45]} Kxb4 {[%clk 0:00:57]} 51. Rb1+
{[%clk 0:13:02]} Ka3 {[%clk 0:01:24]} 52. Rh2 {[%clk 0:12:59]} 1-0

[Event "V. Dvorkovich Cup 2015 juniors"]
[Site "Moscow"]
[Date "2015.06.29"]
[Round "6.7"]
[White "Yogit IND, S"]
[Black "Parvanyan ARM, Ashot"]
[Result "0-1"]
[LiveChessVersion "1.4.4"]
[BlackElo "2168"]
[WhiteElo "1951"]

1. e4 {[%clk 1:30:57]} e6 {[%clk 1:30:25]} 2. d4 {[%clk 1:31:18]} d5
{[%clk 1:30:38]} 3. Nc3 {[%clk 1:31:40]} Bb4 {[%clk 1:30:32]} 4. e5
{[%clk 1:32:03]} c5 {[%clk 1:30:56]} 5. a3 {[%clk 1:32:27]} Bxc3+
{[%clk 1:30:38]} 6. bxc3 {[%clk 1:32:49]} Ne7 {[%clk 1:30:33]} 7. Qg4
{[%clk 1:33:10]} cxd4 {[%clk 1:30:14]} 8. Qxg7 {[%clk 1:29:55]} Rg8
{[%clk 1:30:37]} 9. Qxh7 {[%clk 1:30:16]} Qc7 {[%clk 1:30:58]} 10. Ne2
{[%clk 1:30:27]} Nbc6 {[%clk 1:31:18]} 11. f4 {[%clk 1:30:24]} dxc3
{[%clk 1:30:59]} 12. Qd3 {[%clk 1:30:45]} d4 {[%clk 1:31:17]} 13. Rb1
{[%clk 1:27:22]} Bd7 {[%clk 1:16:33]} 14. h3 {[%clk 1:26:57]} O-O-O
{[%clk 1:14:22]} 15. g4 {[%clk 1:26:40]} Kb8 {[%clk 1:05:32]} 16. Bg2
{[%clk 1:22:53]} Bc8 {[%clk 1:05:38]} 17. O-O {[%clk 1:21:46]} b6
{[%clk 1:00:44]} 18. a4 {[%clk 1:09:40]} Bb7 {[%clk 0:56:55]} 19. Ba3
{[%clk 1:06:01]} Nf5 {[%clk 0:53:35]} 20. Rf2 Ne3 {[%clk 0:47:16]} 21. Bd6
{[%clk 0:49:20]} Rxd6 {[%clk 0:47:36]} 22. exd6 {[%clk 0:49:44]} Qxd6
{[%clk 0:47:55]} 23. Nxc3 f5 {[%clk 0:42:47]} 24. Nb5 {[%clk 0:37:43]} Qc5
{[%clk 0:38:32]} 25. c3 Nxg2 {[%clk 0:20:48]} 26. Rxg2 {[%clk 0:18:29]} dxc3+
{[%clk 0:14:01]} 27. Kh2 {[%clk 0:18:32]} Ne7 {[%clk 0:10:31]} 28. Qxc3
{[%clk 0:08:38]} Qxc3 {[%clk 0:10:34]} 29. Nxc3 {[%clk 0:09:06]} Bxg2
{[%clk 0:10:57]} 30. Kxg2 {[%clk 0:09:21]} fxg4 {[%clk 0:11:23]} 31. hxg4
{[%clk 0:08:57]} Rxg4+ {[%clk 0:11:47]} 32. Kf3 {[%clk 0:09:19]} Rh4
{[%clk 0:11:33]} 33. Ke3 {[%clk 0:06:08]} Nf5+ {[%clk 0:04:58]} 34. Ke4
{[%clk 0:05:57]} Rh3 {[%clk 0:04:52]} 35. Nd1 {[%clk 0:05:54]} Ra3
{[%clk 0:02:36]} 36. Rb4 {[%clk 0:05:42]} Kc7 {[%clk 0:01:22]} 37. Ke5
{[%clk 0:05:27]} Kd7 {[%clk 0:01:31]} 38. Rc4 {[%clk 0:04:02]} Rd3
{[%clk 0:00:47]} 39. Nf2 {[%clk 0:03:34]} Rd5+ {[%clk 0:00:50]} 40. Kf6
{[%clk 0:34:01]} Nd6 {[%clk 0:30:33]} 41. Rb4 {[%clk 0:33:31]} Rf5+
{[%clk 0:25:33]} 42. Kg6 {[%clk 0:33:10]} Kc6 {[%clk 0:19:06]} 43. Nd3
{[%clk 0:31:02]} Kd5 {[%clk 0:16:51]} 44. Ne5 {[%clk 0:27:23]} Ne4
{[%clk 0:04:30]} 45. Rb5+ {[%clk 0:27:01]} Nc5 {[%clk 0:04:30]} 46. a5
{[%clk 0:26:05]} Rxf4 {[%clk 0:04:01]} 47. axb6 {[%clk 0:26:17]} axb6
{[%clk 0:04:17]} 48. Nd3 {[%clk 0:24:50]} Rf3 {[%clk 0:03:11]} 49. Ne1
{[%clk 0:24:19]} Rb3 {[%clk 0:02:21]} 50. Rxb3 {[%clk 0:24:43]} Nxb3
{[%clk 0:02:49]} 51. Kf6 {[%clk 0:24:55]} Nc5 {[%clk 0:02:53]} 52. Kg5
{[%clk 0:24:44]} b5 {[%clk 0:02:52]} 53. Kf4 {[%clk 0:25:08]} Kd4
{[%clk 0:03:08]} 54. Nf3+ {[%clk 0:24:42]} Kc3 {[%clk 0:03:29]} 55. Ke3
{[%clk 0:24:24]} b4 {[%clk 0:03:51]} 56. Nd2 {[%clk 0:24:23]} e5 {[%clk 0:03:43]}
57. Nb1+ {[%clk 0:24:35]} Kc2 {[%clk 0:04:04]} 58. Nd2 {[%clk 0:24:56]} b3
{[%clk 0:04:20]} 59. Nc4 {[%clk 0:25:16]} b2 {[%clk 0:04:35]} 60. Na3+
{[%clk 0:25:36]} Kc1 {[%clk 0:04:50]} 0-1

[Event "V. Dvorkovich Cup 2015 juniors"]
[Site "Moscow"]
[Date "2015.06.29"]
[Round "6.8"]
[White "Ghukasyan ARM, Siranush"]
[Black "Varshini IND, V"]
[Result "1-0"]
[LiveChessVersion "1.4.4"]
[BlackElo "2126"]
[WhiteElo "2054"]

1. e4 {[%clk 1:30:59]} c5 {[%clk 1:30:52]} 2. Nf3 {[%clk 1:30:49]} d6
{[%clk 1:31:11]} 3. d4 {[%clk 1:31:12]} cxd4 {[%clk 1:31:38]} 4. Nxd4
{[%clk 1:31:38]} Nf6 {[%clk 1:32:03]} 5. Nc3 {[%clk 1:32:03]} a6 {[%clk 1:32:31]}
6. Be3 {[%clk 1:32:30]} e5 {[%clk 1:31:33]} 7. Nf3 {[%clk 1:32:55]} Be7
{[%clk 1:32:00]} 8. Bc4 {[%clk 1:33:21]} O-O {[%clk 1:32:25]} 9. O-O
{[%clk 1:33:46]} Be6 {[%clk 1:32:52]} 10. Bxe6 {[%clk 1:34:09]} fxe6
{[%clk 1:33:20]} 11. Na4 {[%clk 1:34:17]} Nfd7 {[%clk 1:22:19]} 12. c4
{[%clk 1:30:51]} Nc6 {[%clk 1:04:36]} 13. Qe2 {[%clk 1:17:53]} Qe8
{[%clk 0:59:17]} 14. Nc3 {[%clk 1:03:47]} Qg6 {[%clk 0:54:26]} 15. b4
{[%clk 0:56:02]} Rac8 {[%clk 0:41:14]} 16. Rab1 {[%clk 0:50:44]} Nf6
{[%clk 0:32:07]} 17. Nh4 {[%clk 0:37:05]} Qg4 {[%clk 0:26:19]} 18. Qxg4
{[%clk 0:37:13]} Nxg4 {[%clk 0:26:48]} 19. Nf3 {[%clk 0:37:22]} Nb8
{[%clk 0:17:20]} 20. Nd2 {[%clk 0:35:25]} Nxe3 {[%clk 0:13:58]} 21. fxe3
{[%clk 0:35:48]} b5 {[%clk 0:14:27]} 22. a4 {[%clk 0:31:54]} Bg5 {[%clk 0:11:25]}
23. Rxf8+ {[%clk 0:31:22]} Kxf8 {[%clk 0:11:47]} 24. Kf2 {[%clk 0:31:46]} bxc4
{[%clk 0:11:19]} 25. b5 {[%clk 0:30:32]} Bd8 {[%clk 0:07:10]} 26. b6
{[%clk 0:27:31]} Rc5 {[%clk 0:06:23]} 27. Ke2 {[%clk 0:25:53]} Ke8
{[%clk 0:06:11]} 28. Rb4 {[%clk 0:23:01]} d5 {[%clk 0:05:58]} 29. Nf3
{[%clk 0:23:08]} Bf6 {[%clk 0:05:13]} 30. exd5 {[%clk 0:20:34]} exd5
{[%clk 0:05:41]} 31. g4 {[%clk 0:20:01]} d4 {[%clk 0:02:26]} 32. exd4
{[%clk 0:19:03]} exd4 {[%clk 0:02:48]} 33. Ne4 {[%clk 0:19:24]} d3+
{[%clk 0:02:09]} 34. Ke3 {[%clk 0:18:57]} Be7 {[%clk 0:02:19]} 35. Rb1
{[%clk 0:17:55]} Ra5 {[%clk 0:01:30]} 36. Ra1 {[%clk 0:15:06]} Nd7
{[%clk 0:00:47]} 37. b7 {[%clk 0:14:58]} Nb8 {[%clk 0:00:43]} 38. Kd4
{[%clk 0:14:32]} Kd7 {[%clk 0:00:40]} 39. Ne5+ {[%clk 0:14:09]} Rxe5
{[%clk 0:00:39]} 40. Kxe5 {[%clk 0:44:33]} c3 {[%clk 0:30:42]} 41. Kd4
{[%clk 0:44:25]} Kc7 {[%clk 0:25:08]} 42. Kxc3 {[%clk 0:44:04]} Kxb7
{[%clk 0:23:47]} 43. Rf1 {[%clk 0:44:23]} Kc6 {[%clk 0:23:00]} 44. Rf7
{[%clk 0:44:32]} Bd8 {[%clk 0:23:26]} 45. Rxg7 {[%clk 0:44:34]} Nd7
{[%clk 0:23:42]} 46. Kxd3 {[%clk 0:44:28]} Nb6 {[%clk 0:23:45]} 47. Rxh7
{[%clk 0:44:32]} Nxa4 {[%clk 0:23:59]} 48. g5 {[%clk 0:44:58]} Kd5
{[%clk 0:24:15]} 49. Rd7+ {[%clk 0:45:23]} 1-0

[Event "V. Dvorkovich Cup 2015 juniors"]
[Site "Moscow"]
[Date "2015.06.29"]
[Round "6.9"]
[White "Oparin Dv.PRL, Grigoriy"]
[Black "Shahaliyev AZE, Ismayil"]
[Result "1-0"]
[LiveChessVersion "1.4.4"]
[BlackElo "2368"]
[WhiteElo "2571"]

1. d4 {[%clk 1:30:54]} e6 {[%clk 1:30:55]} 2. c4 {[%clk 1:31:19]} Nf6
{[%clk 1:31:22]} 3. Nc3 {[%clk 1:31:45]} Bb4 {[%clk 1:31:48]} 4. e3
{[%clk 1:32:08]} d5 {[%clk 1:32:14]} 5. a3 {[%clk 1:32:16]} Bxc3+
{[%clk 1:32:22]} 6. bxc3 {[%clk 1:32:33]} O-O {[%clk 1:32:27]} 7. cxd5
{[%clk 1:31:44]} exd5 {[%clk 1:32:51]} 8. Bd3 {[%clk 1:32:04]} b6
{[%clk 1:32:46]} 9. Ne2 {[%clk 1:27:35]} Ba6 {[%clk 1:31:51]} 10. O-O
{[%clk 1:25:56]} c5 {[%clk 1:30:51]} 11. Ng3 {[%clk 1:06:42]} Bxd3
{[%clk 1:25:02]} 12. Qxd3 {[%clk 1:07:07]} c4 {[%clk 1:11:10]} 13. Qc2
{[%clk 1:05:09]} h5 {[%clk 1:00:44]} 14. f3 {[%clk 1:04:30]} Re8 {[%clk 0:56:22]}
15. Bd2 {[%clk 1:01:16]} g6 {[%clk 0:51:31]} 16. Rae1 {[%clk 0:59:28]} h4
{[%clk 0:51:21]} 17. Nh1 {[%clk 0:59:19]} Nc6 {[%clk 0:51:41]} 18. e4
{[%clk 0:55:27]} Nh7 {[%clk 0:50:23]} 19. Nf2 {[%clk 0:54:11]} Qd7
{[%clk 0:49:06]} 20. Ng4 {[%clk 0:50:39]} Kg7 {[%clk 0:43:59]} 21. Bh6+
{[%clk 0:44:02]} Kh8 {[%clk 0:44:16]} 22. Qf2 {[%clk 0:31:55]} dxe4
{[%clk 0:40:13]} 23. Qxh4 {[%clk 0:29:29]} Qd8 {[%clk 0:29:15]} 24. Qxd8
{[%clk 0:29:13]} Raxd8 {[%clk 0:29:39]} 25. fxe4 {[%clk 0:29:20]} Kg8
{[%clk 0:22:48]} 26. h4 {[%clk 0:27:24]} f5 {[%clk 0:21:46]} 27. exf5
{[%clk 0:27:41]} Rxe1 {[%clk 0:22:11]} 28. Rxe1 {[%clk 0:28:08]} gxf5
{[%clk 0:22:37]} 29. Ne3 {[%clk 0:28:17]} Ne7 {[%clk 0:22:26]} 30. Nxc4
{[%clk 0:28:06]} Nd5 {[%clk 0:22:51]} 31. Ne3 {[%clk 0:27:05]} Nxc3
{[%clk 0:21:19]} 32. Nxf5 {[%clk 0:27:15]} Nd5 {[%clk 0:21:22]} 33. g4
{[%clk 0:25:56]} Nhf6 {[%clk 0:21:28]} 34. Bg5 {[%clk 0:25:51]} Rf8
{[%clk 0:20:13]} 35. Re5 {[%clk 0:25:20]} a5 {[%clk 0:19:37]} 36. Kg2
{[%clk 0:24:46]} b5 {[%clk 0:19:54]} 37. Bxf6 {[%clk 0:24:53]} Nxf6
{[%clk 0:20:17]} 38. Rxb5 {[%clk 0:25:03]} Nxg4 {[%clk 0:20:31]} 39. Kg3
{[%clk 0:25:28]} Nf6 {[%clk 0:20:34]} 40. Rxa5 {[%clk 0:55:47]} 1-0

[Event "V. Dvorkovich Cup 2015 juniors"]
[Site "Moscow"]
[Date "2015.06.29"]
[Round "6.10"]
[White "Sadikhov AZE, Ulvi"]
[Black "Antipov Dv.PRL, Mikhail Al."]
[Result "1/2-1/2"]
[LiveChessVersion "1.4.4"]
[BlackElo "2523"]
[WhiteElo "2379"]

1. e4 {[%clk 1:30:58]} c5 {[%clk 1:30:54]} 2. Nf3 {[%clk 1:31:22]} d6
{[%clk 1:31:19]} 3. d4 {[%clk 1:31:48]} cxd4 {[%clk 1:31:43]} 4. Nxd4
{[%clk 1:32:14]} Nf6 {[%clk 1:32:07]} 5. Nc3 {[%clk 1:32:39]} a6 {[%clk 1:32:22]}
6. Qf3 {[%clk 1:33:05]} Qb6 {[%clk 1:30:38]} 7. Nb3 {[%clk 1:33:10]} e6
{[%clk 1:30:06]} 8. Qg3 {[%clk 1:32:32]} Nc6 {[%clk 1:25:09]} 9. Bd3
{[%clk 1:26:13]} Nb4 {[%clk 1:08:29]} 10. O-O {[%clk 1:21:05]} h5
{[%clk 1:07:03]} 11. Be3 {[%clk 1:10:25]} Qc7 {[%clk 1:06:47]} 12. a3
{[%clk 1:07:24]} h4 {[%clk 0:58:19]} 13. Qf3 {[%clk 1:06:48]} Nxd3
{[%clk 0:49:01]} 14. cxd3 {[%clk 1:07:17]} h3 {[%clk 0:34:48]} 15. Rfc1
{[%clk 0:59:48]} Qd8 {[%clk 0:35:02]} 16. g3 {[%clk 0:54:15]} e5 {[%clk 0:33:33]}
17. Bg5 {[%clk 0:38:13]} Be6 {[%clk 0:33:36]} 18. Nd5 {[%clk 0:35:07]} Bxd5
{[%clk 0:33:49]} 19. exd5 {[%clk 0:33:55]} Be7 {[%clk 0:33:33]} 20. Bxf6
{[%clk 0:29:29]} Bxf6 {[%clk 0:33:52]} 21. Rc4 {[%clk 0:29:29]} 1/2-1/2

[Event "V. Dvorkovich Cup 2015 juniors"]
[Site "Moscow"]
[Date "2015.06.29"]
[Round "6.11"]
[White "Golubov Dv.PRL, Saveliy"]
[Black "Naghdiyev AZE, Niyazi"]
[Result "1-0"]
[LiveChessVersion "1.4.4"]
[BlackElo "2250"]
[WhiteElo "2433"]

1. e4 {[%clk 1:30:48]} c6 {[%clk 1:30:55]} 2. d4 {[%clk 1:31:12]} d5
{[%clk 1:31:21]} 3. e5 {[%clk 1:31:35]} Bf5 {[%clk 1:31:46]} 4. Nd2
{[%clk 1:31:58]} e6 {[%clk 1:32:07]} 5. Nb3 {[%clk 1:32:22]} Nd7 {[%clk 1:32:32]}
6. Nf3 {[%clk 1:32:43]} a6 {[%clk 1:32:51]} 7. Be2 {[%clk 1:30:47]} c5
{[%clk 1:33:12]} 8. dxc5 {[%clk 1:30:30]} Bxc5 {[%clk 1:33:35]} 9. Nxc5
{[%clk 1:29:20]} Nxc5 {[%clk 1:33:58]} 10. O-O {[%clk 1:29:23]} Ne7
{[%clk 1:33:08]} 11. Be3 {[%clk 1:24:16]} Nd7 {[%clk 1:28:19]} 12. c4
{[%clk 1:24:21]} O-O {[%clk 1:24:22]} 13. Qb3 {[%clk 1:22:38]} Qb8
{[%clk 1:14:05]} 14. Qa3 {[%clk 1:02:29]} Re8 {[%clk 1:02:07]} 15. Qd6
{[%clk 1:01:13]} Qxd6 {[%clk 0:54:30]} 16. exd6 {[%clk 1:01:40]} Nc8
{[%clk 0:54:43]} 17. cxd5 {[%clk 0:59:44]} exd5 {[%clk 0:50:38]} 18. Rfd1
{[%clk 0:58:55]} Nf6 {[%clk 0:48:45]} 19. Nd4 {[%clk 0:58:23]} Be6
{[%clk 0:48:36]} 20. Bf4 {[%clk 0:56:54]} Rd8 {[%clk 0:48:17]} 21. Rac1
{[%clk 0:55:35]} Nxd6 {[%clk 0:41:41]} 22. Rc7 {[%clk 0:55:50]} Bc8
{[%clk 0:35:32]} 23. Bf3 {[%clk 0:46:17]} Nde8 {[%clk 0:28:26]} 24. Rcc1
{[%clk 0:42:18]} Bd7 {[%clk 0:23:52]} 25. Nb3 {[%clk 0:34:29]} Ba4
{[%clk 0:09:51]} 26. g4 {[%clk 0:34:57]} Bxb3 {[%clk 0:07:49]} 27. axb3
{[%clk 0:35:26]} h6 {[%clk 0:05:20]} 28. h4 {[%clk 0:35:55]} Rac8
{[%clk 0:05:19]} 29. Rxc8 {[%clk 0:35:23]} Rxc8 {[%clk 0:05:42]} 30. g5
{[%clk 0:35:52]} hxg5 31. hxg5 Ne4 {[%clk 0:05:53]} 32. Rxd5 {[%clk 0:36:25]} Nc5
{[%clk 0:06:10]} 33. Be3 {[%clk 0:33:11]} Ne6 {[%clk 0:05:33]} 34. Rd7
{[%clk 0:30:27]} b5 {[%clk 0:03:21]} 35. g6 {[%clk 0:27:33]} fxg6
{[%clk 0:02:22]} 36. Re7 {[%clk 0:25:17]} Nf8 {[%clk 0:01:33]} 37. Ra7
{[%clk 0:16:43]} Nf6 {[%clk 0:01:01]} 38. Rxa6 {[%clk 0:17:00]} N8d7
{[%clk 0:01:22]} 39. Bd4 {[%clk 0:16:06]} Kf7 {[%clk 0:00:58]} 40. Bc6
{[%clk 0:45:04]} Rb8 {[%clk 0:30:35]} 41. b4 {[%clk 0:44:24]} g5 {[%clk 0:27:21]}
42. Ra5 {[%clk 0:43:23]} Nf8 {[%clk 0:26:37]} 43. Bxb5 {[%clk 0:43:21]} Ne6
{[%clk 0:26:39]} 44. Be5 {[%clk 0:42:21]} Rb7 {[%clk 0:25:26]} 45. Bc4
{[%clk 0:42:09]} Rb6 {[%clk 0:24:02]} 46. b5 {[%clk 0:42:05]} Nd7
{[%clk 0:23:12]} 47. Bc3 {[%clk 0:42:17]} Ke7 {[%clk 0:22:40]} 48. Ra7
{[%clk 0:39:06]} Kd6 {[%clk 0:21:16]} 49. Ba5 {[%clk 0:38:04]} 1-0

[Event "V. Dvorkovich Cup 2015 juniors"]
[Site "Moscow"]
[Date "2015.06.29"]
[Round "6.12"]
[White "Hojjatova AZE, Aydan"]
[Black "Paramzina Dv.PRL, Anastasya"]
[Result "1-0"]
[LiveChessVersion "1.4.4"]
[BlackElo "2328"]
[WhiteElo "2202"]

1. e4 {[%clk 1:30:58]} c5 {[%clk 1:30:53]} 2. Nf3 {[%clk 1:31:25]} d6
{[%clk 1:31:15]} 3. d4 {[%clk 1:31:50]} cxd4 {[%clk 1:31:30]} 4. Nxd4
{[%clk 1:32:16]} Nf6 {[%clk 1:31:52]} 5. Nc3 {[%clk 1:32:40]} a6 {[%clk 1:32:16]}
6. Qd3 {[%clk 1:33:04]} Nc6 {[%clk 1:25:05]} 7. Nxc6 {[%clk 1:28:55]} bxc6
{[%clk 1:25:21]} 8. Bg5 {[%clk 1:26:05]} Qb6 {[%clk 1:19:39]} 9. Be2
{[%clk 1:18:43]} h6 {[%clk 1:11:45]} 10. Be3 {[%clk 1:13:52]} c5 {[%clk 1:07:07]}
11. O-O {[%clk 1:07:44]} e6 {[%clk 1:03:30]} 12. f4 {[%clk 1:04:32]} Bb7
{[%clk 1:02:16]} 13. e5 {[%clk 0:54:13]} Nd7 {[%clk 1:00:21]} 14. exd6
{[%clk 0:50:40]} Qxd6 {[%clk 0:56:56]} 15. Rad1 {[%clk 0:47:36]} Qxd3
{[%clk 0:56:36]} 16. Bxd3 {[%clk 0:46:28]} O-O-O {[%clk 0:55:34]} 17. f5
{[%clk 0:38:20]} Ne5 {[%clk 0:53:23]} 18. fxe6 {[%clk 0:37:52]} Nxd3
{[%clk 0:53:00]} 19. Rxd3 {[%clk 0:37:53]} Rxd3 {[%clk 0:43:33]} 20. cxd3
{[%clk 0:38:06]} fxe6 {[%clk 0:43:57]} 21. Na4 {[%clk 0:35:52]} Bd6
{[%clk 0:39:08]} 22. Rf7 {[%clk 0:34:06]} Rd8 {[%clk 0:38:23]} 23. Bxc5
{[%clk 0:33:13]} Bc7 {[%clk 0:36:48]} 24. Bb6 {[%clk 0:29:59]} Bxb6+
{[%clk 0:36:31]} 25. Nxb6+ {[%clk 0:30:26]} Kb8 {[%clk 0:36:54]} 26. Nd7+
{[%clk 0:30:46]} Ka8 {[%clk 0:36:14]} 27. Rxg7 {[%clk 0:28:09]} Bc6
{[%clk 0:35:46]} 28. Nc5 {[%clk 0:27:21]} Rd5 {[%clk 0:35:38]} 29. Nxa6
{[%clk 0:26:01]} Rxd3 {[%clk 0:35:43]} 30. Nb4 {[%clk 0:23:10]} Rd1+
{[%clk 0:35:50]} 31. Kf2 {[%clk 0:23:34]} Bb7 {[%clk 0:36:07]} 32. Ke3
{[%clk 0:23:05]} e5 {[%clk 0:35:53]} 33. Nd3 {[%clk 0:19:41]} e4 {[%clk 0:34:04]}
34. Nc5 {[%clk 0:19:49]} Bd5 {[%clk 0:32:59]} 35. Rd7 {[%clk 0:18:53]} 1-0

[Event "V. Dvorkovich Cup 2015 juniors"]
[Site "Moscow"]
[Date "2015.06.29"]
[Round "6.13"]
[White "Beks LAT, Edmunds"]
[Black "Li CHN, Di"]
[Result "0-1"]
[LiveChessVersion "1.4.4"]
[BlackElo "2281"]
[WhiteElo "2043"]

1. e4 {[%clk 1:30:55]} c5 {[%clk 1:30:49]} 2. Nf3 {[%clk 1:31:20]} e6
{[%clk 1:31:14]} 3. Nc3 {[%clk 1:31:46]} Nc6 {[%clk 1:31:34]} 4. Bb5
{[%clk 1:32:10]} Nge7 {[%clk 1:31:46]} 5. O-O {[%clk 1:31:43]} a6
{[%clk 1:32:11]} 6. Bxc6 {[%clk 1:32:07]} Nxc6 {[%clk 1:32:37]} 7. d4
{[%clk 1:32:28]} cxd4 {[%clk 1:33:03]} 8. Nxd4 {[%clk 1:32:54]} Qc7
{[%clk 1:33:24]} 9. a4 {[%clk 1:31:34]} b6 {[%clk 1:29:32]} 10. Be3
{[%clk 1:25:02]} Ne5 {[%clk 1:26:38]} 11. Nce2 {[%clk 1:18:58]} Bb7
{[%clk 1:18:18]} 12. f3 {[%clk 1:17:47]} Nc4 {[%clk 1:11:48]} 13. Bc1
{[%clk 1:17:27]} e5 {[%clk 1:11:16]} 14. Nf5 {[%clk 1:16:13]} g6 {[%clk 1:07:19]}
15. Nfg3 {[%clk 1:15:54]} Bb4 {[%clk 0:48:30]} 16. Qd3 {[%clk 1:10:38]} d5
{[%clk 0:45:04]} 17. exd5 {[%clk 1:08:37]} Qc5+ {[%clk 0:43:19]} 18. Kh1
{[%clk 1:08:55]} Qxd5 {[%clk 0:42:20]} 19. Ne4 {[%clk 1:06:21]} Qxd3
{[%clk 0:39:57]} 20. cxd3 {[%clk 1:06:00]} Na5 {[%clk 0:39:19]} 21. Nf6+
{[%clk 0:59:33]} Ke7 {[%clk 0:39:37]} 22. Bg5 {[%clk 0:59:53]} Ke6
{[%clk 0:39:28]} 23. f4 {[%clk 0:58:26]} h6 {[%clk 0:38:03]} 24. Bh4
{[%clk 0:58:33]} Nb3 {[%clk 0:35:54]} 25. Rad1 {[%clk 0:57:59]} Rac8
{[%clk 0:21:49]} 26. fxe5 {[%clk 0:54:18]} g5 {[%clk 0:21:57]} 27. Be1
{[%clk 0:54:31]} Rc2 {[%clk 0:19:28]} 28. Bxb4 {[%clk 0:54:08]} Rxe2
{[%clk 0:19:24]} 29. Ne4 {[%clk 0:51:32]} Bd5 {[%clk 0:12:57]} 30. Rf6+
{[%clk 0:47:48]} Kxe5 {[%clk 0:13:15]} 31. Bc3+ {[%clk 0:48:12]} Nd4
{[%clk 0:13:39]} 32. Rxb6 {[%clk 0:45:25]} Rd8 {[%clk 0:11:20]} 33. Rb4
{[%clk 0:44:08]} Ba8 {[%clk 0:11:40]} 34. Rg1 {[%clk 0:42:14]} f5
{[%clk 0:08:45]} 35. Nc5 {[%clk 0:40:48]} f4 {[%clk 0:08:04]} 36. Ne4
{[%clk 0:38:19]} g4 {[%clk 0:07:27]} 37. Rf1 {[%clk 0:35:58]} h5 {[%clk 0:06:46]}
38. Rf2 {[%clk 0:28:48]} Re3 {[%clk 0:04:50]} 39. Nc5 {[%clk 0:25:06]} h4
{[%clk 0:02:17]} 40. Nb3 {[%clk 0:51:08]} Rxd3 {[%clk 0:31:51]} 41. Re2+
{[%clk 0:50:12]} Be4 {[%clk 0:28:01]} 42. Rxd4 {[%clk 0:45:13]} R8xd4
{[%clk 0:27:50]} 43. Bxd4+ {[%clk 0:45:26]} Kd5 {[%clk 0:22:50]} 44. Bc3
{[%clk 0:45:05]} f3 {[%clk 0:22:55]} 45. Rd2 {[%clk 0:45:29]} f2 {[%clk 0:22:50]}
46. Rxd3+ {[%clk 0:45:42]} Bxd3 {[%clk 0:23:15]} 47. Nd2 {[%clk 0:45:34]} h3 0-1